Pays limitrophes des Pays commençant par les lettres G et H - Statistiques

Statistiques générales
  • Ce quiz a été pris 406 fois
  • Le résultat moyen est 34 sur 37
Statistiques - réponses
Réponse % Correct
Brésil
100%
Guinée
97%
Suriname
97%
Turquie
97%
Venezuela
97%
Sénégal
96%
Bulgarie
95%
Congo
95%
Guatemala
95%
Honduras
95%
Slovaquie
95%
Togo
95%
Arménie
94%
Belize
94%
Cameroun
94%
Côte d'Ivoire
94%
Macédoine
94%
Nicaragua
94%
Salvador
94%
Albanie
93%
Autriche
93%
Mexique
93%
République Dominicaine
93%
Serbie
93%
Russie
92%
Azerbaïdjan
91%
Guinée Equatoriale
91%
Roumanie
91%
Guinée-Bissau
90%
Slovénie
90%
Gabon
88%
Libéria
88%
Sierra Leone
88%
Mali
86%
Burkina Faso
85%
Ukraine
85%
Croatie
83%
Aucun quiz correspondant
Distribution des résultats
% des personnes avec chaque résultat
Percentile par nombre de réponses
Votre historique - résultats
Vous n’avez pas pris ce quiz